Statistics for Letters of the Finnish/Swedish alphabet

Click here to take the quiz!

General Stats

  • This quiz has been taken 144 times
  • The average score is 27 of 29

Answer Stats

Letter% Correct
A
100%
B
99%
C
98%
D
98%
E
98%
F
98%
G
98%
H
98%
I
98%
N
97%
Q
97%
P
97%
O
97%
M
97%
L
97%
K
97%
J
97%
R
96%
S
96%
T
96%
U
96%
V
95%
W
92%
X
89%
Y
89%
Z
88%
Å
84%
Ä
78%
Ö
74%

Score Distribution

Percentile by Number Answered

Percent of People with Each Score

Your Score History

You have not taken this quiz